| 000 | 00542nam a22001937a 4500 | ||
|---|---|---|---|
| 003 | CEME | ||
| 005 | 20210628204142.0 | ||
| 008 | 210112b xxu||||| |||| 00| 0 eng d | ||
| 020 | _a9780123865335 | ||
| 040 | _cceme | ||
| 082 | _a621.317 MAN | ||
| 100 |
_aManiktala, Sanjaya _961449 |
||
| 245 | _aSwitching power supplies a-z | ||
| 250 | _a2ND | ||
| 260 |
_aGREAT BRITAIN _bELSEVIER _c2012 |
||
| 300 | _aXX, 748P | ||
| 650 |
_aSWITCHING POWER SUPPLIES A-Z.PRINTED CIRCUIT BOARD LAYOUT.FEEDBACK LOOP ANALYSIS. _968977 |
||
| 942 |
_cBK _2ddc |
||
| 999 |
_c576415 _d576415 |
||